<?xml version="1.0" encoding="UTF-8"?>
<record
    xmlns:xsi="http://www.w3.org/2001/XMLSchema-instance"
    xsi:schemaLocation="http://www.loc.gov/MARC21/slim http://www.loc.gov/standards/marcxml/schema/MARC21slim.xsd"
    xmlns="http://www.loc.gov/MARC21/slim">

  <leader>01197cam a22002411  4500</leader>
  <controlfield tag="001">sa 68010399 </controlfield>
  <controlfield tag="003">DLC</controlfield>
  <controlfield tag="005">20260227112551.0</controlfield>
  <controlfield tag="008">900719s1961    ii c          000 0 perr </controlfield>
  <datafield tag="010" ind1=" " ind2=" ">
    <subfield code="a">sa 68010399 </subfield>
  </datafield>
  <datafield tag="035" ind1=" " ind2=" ">
    <subfield code="a">(OCoLC)22101703</subfield>
  </datafield>
  <datafield tag="040" ind1=" " ind2=" ">
    <subfield code="a">DLC</subfield>
    <subfield code="c">TxU</subfield>
    <subfield code="d">DLC</subfield>
  </datafield>
  <datafield tag="042" ind1=" " ind2=" ">
    <subfield code="a">premarc</subfield>
  </datafield>
  <datafield tag="050" ind1="0" ind2="0">
    <subfield code="a">DS486.G6</subfield>
    <subfield code="b">N5 1961</subfield>
  </datafield>
  <datafield tag="100" ind1="0" ind2=" ">
    <subfield code="a">Ni&#x1E93;&#x101;m al-D&#x12B;n A&#x1E25;mad ibn &#x2BB;Abd All&#x101;h al-Sh&#x12B;r&#x101;z&#x12B; al-&#x1E62;&#x101;&#x2BB;id&#x12B;,</subfield>
    <subfield code="d">active 17th century.</subfield>
  </datafield>
  <datafield tag="245" ind1="1" ind2="0">
    <subfield code="a">&#x1E24;ad&#x12B;qat al-sal&#x101;&#x1E6D;&#x12B;n-i Qutbsh&#x101;h&#x12B; [i.e. Qutbsh&#x101;h&#x12B;],</subfield>
    <subfield code="c">mu&#x2BC;allifah-i Mirz&#x101; Ni&#x1E93;&#x101;m al-D&#x12B;n A&#x1E25;mad ibn &#x2BB;Abd All&#x101;h &#x1E62;&#x101;&#x2BB;id&#x12B; Sh&#x12B;r&#x101;z&#x12B;. Bih ta&#x1E63;&#x1E25;&#x12B;&#x1E25; va ta&#x1E25;ashsh&#x12B;-i &#x2BB;Al&#x12B; Asghar Bilgir&#x101;m&#x12B;.</subfield>
  </datafield>
  <datafield tag="260" ind1=" " ind2=" ">
    <subfield code="a">[&#x1E24;aydar&#x101;b&#x101;d-i Dakan,</subfield>
    <subfield code="b">Ma&#x1E6D;b&#x16B;&#x2BB;ah-i Isl&#x101;mik Publ&#x12B;kayshanz S&#x16B;s&#x101;&#x2BC;i&#x1E6D;&#x12B;,</subfield>
    <subfield code="c">1961]</subfield>
  </datafield>
  <datafield tag="300" ind1=" " ind2=" ">
    <subfield code="a">12, 13, 318, 35 p.</subfield>
    <subfield code="b">ports.</subfield>
    <subfield code="c">25 cm.</subfield>
  </datafield>
  <datafield tag="490" ind1="0" ind2=" ">
    <subfield code="a">Silsilah-yi Ma&#x1E6D;b&#x16B;&#x2BB;&#x101;t-i Id&#x101;rah-yi Adab&#x12B;y&#x101;t-i Urd&#x16B; ;</subfield>
    <subfield code="v">280</subfield>
  </datafield>
  <datafield tag="490" ind1="0" ind2=" ">
    <subfield code="a">Shu&#x2BB;bah-&#x2BC;i Majlis-i Ish&#x101;&#x2BB;at-i T&#x101;r&#x12B;kh va Tamaddun-i Dakan</subfield>
  </datafield>
  <datafield tag="500" ind1=" " ind2=" ">
    <subfield code="a">Added t.p.: Hadiqat-us-salateen: a history of the reign of Abdullah Qutb Shah of Golkunda, 1662-1672 A.D., by Nizamuddin Ahmad.</subfield>
  </datafield>
  <datafield tag="600" ind1="0" ind2="0">
    <subfield code="a">Muhammad Quli Qutb Shah,</subfield>
    <subfield code="c">Sultan of Golkunda,</subfield>
    <subfield code="d">1565-1612.</subfield>
  </datafield>
  <datafield tag="999" ind1=" " ind2=" ">
    <subfield code="c">83384</subfield>
    <subfield code="d">83384</subfield>
  </datafield>
</record>
